[Event "Oberliga Bayern 1011"]
[Site "Germany"]
[Date "2011.03.20"]
[Round "8.5"]
[White "Giss, Arthur"]
[Black "Heumann, Joern"]
[Result "1/2-1/2"]
[WhiteElo "2038"]
[BlackElo "2085"]
[PlyCount "36"]
[EventDate "2010.10.10"]
[EventType "team-tourn"]
[EventRounds "9"]
[EventCountry "GER"]
[SourceTitle "EXT 2012"]
[Source "ChessBase"]
[SourceDate "2011.11.24"]
[SourceVersion "1"]
[SourceVersionDate "2011.11.24"]
[SourceQuality "1"]
[WhiteTeam "Dillingen"]
[BlackTeam "Regensburg Fortuna"]
[WhiteTeamCountry "GER"]
[BlackTeamCountry "GER"]

1. e4 Nf6 2. Nc3 d5 3. e5 d4 4. exf6 dxc3 5. fxg7 cxd2+ 6. Qxd2 Qxd2+ 7. Bxd2 Bxg7 8. 0-0-0 Bg4 9. f3 Bd7 10. Bf4 e5 11. Bg3 Nc6 12. Bc4 f6 13. Ne2 0-0-0 14. Nc3 Nd4 15. Bf2 Bc6 16. Kb1 f5 17. Bh4 Rd6 18. a3 Re8 1/2-1/2

[Event "Oberliga Bayern 1011"]
[Site "Germany"]
[Date "2010.10.24"]
[Round "2.7"]
[White "Heimrath, Reiner"]
[Black "Heumann, Joern"]
[Result "1-0"]
[WhiteElo "2258"]
[BlackElo "2085"]
[PlyCount "125"]
[EventDate "2010.10.10"]
[EventType "team-tourn"]
[EventRounds "9"]
[EventCountry "GER"]
[SourceTitle "EXT 2012"]
[Source "ChessBase"]
[SourceDate "2011.11.24"]
[SourceVersion "1"]
[SourceVersionDate "2011.11.24"]
[SourceQuality "1"]
[WhiteTeam "Nuernberg NT"]
[BlackTeam "Regensburg Fortuna"]
[WhiteTeamCountry "GER"]
[BlackTeamCountry "GER"]

1. e4 Nf6 2. Nc3 d5 3. e5 d4 4. exf6 dxc3 5. fxg7 cxd2+ 6. Qxd2 Qxd2+ 7. Bxd2 Bxg7 8. 0-0-0 Bg4 9. Ne2 Nc6 10. h3 Bd7 11. Ng3 0-0-0 12. Bc4 Bd4 13. Ne2 Bxf2 14. Bxf7 Rhf8 15. Bb3 Rf6 16. Rhf1 Rdf8 17. Bd5 Be3 18. Rxf6 Bxd2+ 19. Kxd2 Rxf6 20. c3 Ne5 21. b3 Bc6 22. Ke1 Be8 23. Be4 Bg6 24. Bxg6 Nxg6 25. Rd4 c6 26. h4 Nf8 27. Rg4 Kd7 28. Rg8 Ke8 29. Rg4 Rg6 30. Rxg6 hxg6 31. Kd2 Kf7 32. Kd3 Kf6 33. Ke4 Nd7 34. g4 Nc5+ 35. Ke3 Nd7 36. Kf4 Kf7 37. Kg5 Ne5 38. h5 gxh5 39. gxh5 Nf3+ 40. Kf5 Nh4+ 41. Kg5 Nf3+ 42. Kf4 Ne1 43. Kf5 Ng2 44. Ke5 Ne3 45. a4 Ng4+ 46. Kf5 Nh6+ 47. Kg5 Ng8 48. Nf4 Nf6 49. Kf5 Ne8 50. h6 Nd6+ 51. Ke5 Ne8 52. a5 Nf6 53. Kf5 Nd7 54. Ne6 Kg8 55. Ng5 Nf8 56. b4 Nd7 57. Ke6 Nf6 58. c4 Ng4 59. h7+ Kg7 60. Kxe7 Ne5 61. h8Q+ Kxh8 62. Nf7+ Nxf7 63. Kxf7 1-0

[Event "Oberliga Bayern 0910"]
[Site "Bayern"]
[Date "2010.03.21"]
[Round "8.7"]
[White "Heumann, Joern"]
[Black "Giss, Arthur"]
[Result "0-1"]
[WhiteElo "2090"]
[BlackElo "2066"]
[PlyCount "60"]
[EventDate "2009.10.18"]
[EventType "team-tourn"]
[EventRounds "9"]
[EventCountry "GER"]
[SourceTitle "EXT 2011"]
[Source "ChessBase"]
[SourceDate "2010.11.26"]
[SourceVersion "1"]
[SourceVersionDate "2010.11.26"]
[SourceQuality "1"]
[WhiteTeam "Regensburg Fortuna"]
[BlackTeam "Dillingen"]
[WhiteTeamCountry "GER"]
[BlackTeamCountry "GER"]

1. e4 c5 2. Nf3 d6 3. d4 cxd4 4. Nxd4 Nf6 5. Nc3 e6 6. Be2 a6 7. a4 Nbd7 8. f4 b6 9. Bf3 Bb7 10. Qe2 e5 11. Nb3 Be7 12. 0-0 0-0 13. Kh1 Rc8 14. f5 Nc5 15. Bd2 Qc7 16. Rae1 Rfd8 17. Bg5 Rd7 18. Nd2 Nfxe4 19. Ncxe4 Nxe4 20. Bxe7 Nxd2 21. Bxb7 Qxb7 22. Qxd2 Rxe7 23. Qxd6 f6 24. c3 Rd7 25. Qe6+ Kf8 26. Rd1 Rcd8 27. Rxd7 Rxd7 28. b4 Rd2 29. Rg1 Qc7 30. c4 Rd6 0-1

[Event "Oberliga Bayern 0809"]
[Site "Bayern"]
[Date "2008.10.26"]
[Round "2.7"]
[White "Kunze, Holger"]
[Black "Heumann, Joern"]
[Result "1-0"]
[WhiteElo "2068"]
[BlackElo "2110"]
[PlyCount "127"]
[EventDate "2008.10.05"]
[EventType "team-tourn"]
[EventRounds "9"]
[EventCountry "GER"]
[SourceTitle "EXT 2020"]
[Source "ChessBase"]
[SourceDate "2019.10.17"]
[SourceVersion "1"]
[SourceVersionDate "2019.10.17"]
[SourceQuality "1"]
[WhiteTeam "Bayern Muenchen II"]
[BlackTeam "Regensburg Fortuna"]
[WhiteTeamCountry "GER"]
[BlackTeamCountry "GER"]

1. d4 Nf6 2. c4 e6 3. Nf3 Bb4+ 4. Nbd2 b6 5. g3 Bb7 6. Bg2 0-0 7. 0-0 Re8 8. Qc2 Bxd2 9. Bxd2 Be4 10. Qd1 d6 11. Bc3 Nbd7 12. Bh3 d5 13. Nd2 dxc4 14. Nxc4 Qe7 15. Re1 Red8 16. f3 Bd5 17. Qd3 c5 18. e4 Bb7 19. Rad1 cxd4 20. Qxd4 Nc5 21. Qe3 h6 22. Bf1 Rac8 23. Be5 Ne8 24. b3 f6 25. Bb2 Rxd1 26. Rxd1 Rd8 27. Rxd8 Qxd8 28. Qd4 Qxd4+ 29. Bxd4 Nc7 30. Kf2 Kf8 31. Nd6 Ba6 32. Bxc5 bxc5 33. Bxa6 Nxa6 34. a3 Ke7 35. Nc8+ Kd7 36. Nxa7 Kc7 37. Nb5+ Kc6 38. Nc3 Nc7 39. Ke3 Kd6 40. Kd3 Kc6 41. Kc4 Ne8 42. e5 fxe5 43. Ne4 g5 44. g4 Nc7 45. Nxc5 Nb5 46. a4 Nd4 47. b4 Nxf3 48. b5+ Kb6 49. Kb4 Nd4 50. Nd7+ Kc7 51. Nxe5 Nc2+ 52. Kc5 Ne3 53. a5 Nd5 54. Nc4 Nc3 55. a6 Ne4+ 56. Kd4 Nf6 57. h3 Nd7 58. Ke4 Kb8 59. Ne5 Nf6+ 60. Kd4 Kc7 61. Nf7 Kb6 62. Nxh6 Nd5 63. Nf7 Nc7 64. Nxg5 1-0

[Event "Landesliga Nord 0708"]
[Site "Bayern"]
[Date "2007.12.09"]
[Round "4.1"]
[White "Barth, Norbert"]
[Black "Heumann, Joern"]
[Result "1-0"]
[WhiteElo "2258"]
[BlackElo "2128"]
[PlyCount "109"]
[EventDate "2007.10.21"]
[EventType "team-tourn"]
[EventRounds "9"]
[EventCountry "GER"]
[SourceTitle "EXT 2009"]
[Source "ChessBase"]
[SourceDate "2008.11.26"]
[SourceVersion "1"]
[SourceVersionDate "2008.11.26"]
[SourceQuality "1"]
[WhiteTeam "Schwandorf"]
[BlackTeam "Regensburg Fortuna II"]
[WhiteTeamCountry "GER"]
[BlackTeamCountry "GER"]

1. e4 c5 2. Nf3 Nc6 3. Bb5 g6 4. 0-0 Bg7 5. c3 Nf6 6. Re1 0-0 7. h3 a6 8. Bf1 e5 9. d4 d6 10. dxc5 dxc5 11. Qxd8 Rxd8 12. Bg5 Be6 13. Nbd2 h6 14. Bxf6 Bxf6 15. Bc4 Rd6 16. Bxe6 Rxe6 17. Red1 Rd8 18. Nc4 Ree8 19. Nb6 Rxd1+ 20. Rxd1 Bd8 21. Nd7 c4 22. Ndxe5 Nxe5 23. Nxe5 Rxe5 24. Rxd8+ Kg7 25. Rd4 Rb5 26. Rd2 g5 27. f3 Kf6 28. Kf2 Ke5 29. Ke3 Rb6 30. g3 Ke6 31. Rh2 Rd6 32. Rd2 Rb6 33. Ke2 f5 34. Ke3 fxe4 35. Kxe4 Rb5 36. f4 gxf4 37. Kxf4 Rf5+ 38. Kg4 Rg5+ 39. Kh4 Re5 40. g4 Rb5 41. Kg3 h5 42. Rf2 hxg4 43. hxg4 Rd5 44. Kh4 Rd8 45. g5 Rh8+ 46. Kg4 Rg8 47. Kh5 Rh8+ 48. Kg6 Rh3 49. Re2+ Kd7 50. Kg7 Rg3 51. g6 b5 52. Kf7 Rf3+ 53. Kg8 Rg3 54. g7 Rg1 55. Re5 1-0

[Event "BL2-Ost 0708"]
[Site "Germany"]
[Date "2007.11.28"]
[Round "3.7"]
[White "Mueller, Michael1111"]
[Black "Heumann, Joern"]
[Result "1-0"]
[WhiteElo "2221"]
[BlackElo "2161"]
[PlyCount "84"]
[EventDate "2007.10.21"]
[EventType "team-tourn"]
[EventRounds "9"]
[EventCountry "GER"]
[SourceTitle "EXT 2009"]
[Source "ChessBase"]
[SourceDate "2008.11.26"]
[SourceVersion "1"]
[SourceVersionDate "2008.11.26"]
[SourceQuality "1"]
[WhiteTeam "Berlin Rotation"]
[BlackTeam "Regensburg Fortuna"]
[WhiteTeamCountry "GER"]
[BlackTeamCountry "GER"]

1. d4 Nf6 2. c4 e6 3. Nc3 Bb4 4. f3 c5 5. a3 Bxc3+ 6. bxc3 0-0 7. e4 d6 8. Be3 Qe7 9. Bd3 Nc6 10. Ne2 e5 11. 0-0 b6 12. d5 Na5 13. Ng3 Ne8 14. Nf5 Bxf5 15. exf5 Nc7 16. a4 Rab8 17. Ra2 Rfe8 18. Qe2 f6 19. Kh1 Kf7 20. f4 Kg8 21. Qh5 e4 22. Be2 Qd7 23. g4 Re7 24. Rg1 Qe8 25. Qh4 Qf8 26. Bf1 Kh8 27. Rg3 Rbe8 28. Rag2 Rf7 29. Qh3 Rd7 30. g5 Ree7 31. Qg4 Ne8 32. Rh3 Qg8 33. Rgg3 g6 34. fxg6 Qxg6 35. f5 Qg8 36. Qh4 fxg5 37. Rxg5 Rg7 38. Rhg3 Rdf7 39. Be2 Nf6 40. Rxg7 Qxg7 41. Rxg7 Kxg7 42. Qh6+ Kg8 1-0

[Event "Landesliga Nord 0607"]
[Site "Bayern"]
[Date "2007.04.22"]
[Round "9.3"]
[White "Forman, Stepan"]
[Black "Heumann, Joern"]
[Result "1/2-1/2"]
[WhiteElo "2227"]
[BlackElo "2073"]
[PlyCount "79"]
[EventDate "2006.10.15"]
[EventType "team"]
[EventRounds "9"]
[EventCountry "GER"]
[SourceTitle "EXT 2008"]
[Source "ChessBase"]
[SourceDate "2007.11.25"]
[SourceVersion "1"]
[SourceVersionDate "2007.11.25"]
[SourceQuality "1"]
[WhiteTeam "Kulmbach"]
[BlackTeam "Regensburg Fortuna II"]
[WhiteTeamCountry "GER"]
[BlackTeamCountry "GER"]

1. d4 Nf6 2. Nf3 c5 3. c3 cxd4 4. cxd4 d5 5. Nc3 Nc6 6. Bf4 a6 7. e3 Bg4 8. Be2 e6 9. 0-0 Bd6 10. Ne5 Bxe2 11. Qxe2 Rc8 12. Rac1 0-0 13. Nxc6 Rxc6 14. Bg5 Be7 15. f4 Qc7 16. Bxf6 Bxf6 17. Qd2 h6 18. Ne2 Rc8 19. Rxc6 Qxc6 20. Rc1 Qd7 21. Rxc8+ Qxc8 22. Nc1 Qc4 23. b3 Qc6 24. Nd3 b6 25. Nb4 Qb5 26. Nd3 Qc6 27. Kf2 g6 28. Nb4 Qc8 29. Nd3 Qc6 30. a4 a5 31. Ke2 Kf8 32. Ne5 Bxe5 33. fxe5 Kg7 34. Kd3 Kf8 35. g4 Qc8 36. Ke2 Qa6+ 37. Kf2 Qc8 38. b4 Qc7 39. Kg3 Kg8 40. bxa5 1/2-1/2

[Event "Landesliga Nord 0506"]
[Site "Bayern"]
[Date "2006.04.02"]
[Round "9.7"]
[White "Heumann, Joern"]
[Black "Kuegel, Konrad"]
[Result "0-1"]
[WhiteElo "2072"]
[BlackElo "2058"]
[PlyCount "128"]
[EventDate "2005.10.23"]
[EventType "team"]
[EventRounds "9"]
[EventCountry "GER"]
[SourceTitle "EXT 2007"]
[Source "ChessBase"]
[SourceDate "2006.11.23"]
[SourceVersion "1"]
[SourceVersionDate "2006.11.23"]
[SourceQuality "1"]

1. e4 e5 2. Nf3 d6 3. d4 Nd7 4. Bc4 c6 5. dxe5 dxe5 6. Ng5 Nh6 7. 0-0 Qe7 8. Kh1 Nb6 9. Bb3 Bg4 10. f3 Bd7 11. f4 f6 12. Nf3 exf4 13. Bxf4 Ng4 14. Nc3 g5 15. Bd2 0-0-0 16. a4 Be6 17. Qe2 h5 18. a5 Nd7 19. Be3 Bxb3 20. cxb3 Nxe3 21. Qxe3 Qc5 22. Nd4 Ne5 23. Nf5 Ng4 24. Qxc5 Bxc5 25. h3 Rd2 26. Rac1 Nf2+ 27. Kh2 Nd3 28. Rcd1 Rxd1 29. Nxd1 Rd8 30. Nfe3 Bd6+ 31. Kg1 Bf4 32. Nc4 Nc5 33. Nc3 Nxb3 34. g3 Bxg3 35. Rxf6 Nd2 36. Ne3 Be5 37. Rh6 Bd4 38. Kf2 Nc4 39. Ncd1 Nxe3 40. Nxe3 Bxb2 41. Rg6 g4 42. hxg4 hxg4 43. Rxg4 Bd4 44. Ke2 b5 45. axb6 axb6 46. Nf5 Be5 47. Rg6 Kb7 48. Ne7 Rd6 49. Rxd6 Bxd6 50. Nf5 Be5 51. Kd3 b5 52. Ne7 Kc7 53. Nf5 Kd7 54. Ne3 Ke6 55. Nf5 Bf6 56. Ne3 Bg5 57. Nf5 c5 58. Ng3 Bf6 59. Ne2 c4+ 60. Ke3 Be5 61. Kd2 b4 62. Kc2 b3+ 63. Kd2 Kd6 64. Ng1 c3+ 0-1

[Event "Landesliga Nord 0506"]
[Site "Bayern"]
[Date "2005.11.27"]
[Round "3.7"]
[White "Mueller, Christian2222"]
[Black "Heumann, Joern"]
[Result "1/2-1/2"]
[WhiteElo "1998"]
[BlackElo "2103"]
[PlyCount "43"]
[EventDate "2005.10.23"]
[EventType "team"]
[EventRounds "9"]
[EventCountry "GER"]
[SourceTitle "EXT 2007"]
[Source "ChessBase"]
[SourceDate "2006.11.23"]
[SourceVersion "1"]
[SourceVersionDate "2006.11.23"]
[SourceQuality "1"]

1. d4 Nf6 2. c4 e6 3. Nf3 Bb4+ 4. Bd2 Qe7 5. g3 Nc6 6. Nc3 0-0 7. Bg2 d5 8. a3 Bxc3 9. Bxc3 Ne4 10. Qc2 Rd8 11. 0-0 Bd7 12. e3 Be8 13. Nd2 Nxc3 14. Qxc3 Rac8 15. Rfc1 a6 16. b4 Nb8 17. a4 c6 18. Qb3 h6 19. Bf1 e5 20. cxd5 exd4 21. e4 cxd5 22. exd5 1/2-1/2

[Event "Landesliga Nord 0506"]
[Site "Bayern"]
[Date "2005.11.13"]
[Round "2.7"]
[White "Heumann, Joern"]
[Black "Schweizer, Wolfgang D"]
[Result "1/2-1/2"]
[WhiteElo "2103"]
[BlackElo "2006"]
[PlyCount "53"]
[EventDate "2005.10.23"]
[EventType "team"]
[EventRounds "9"]
[EventCountry "GER"]
[SourceTitle "EXT 2007"]
[Source "ChessBase"]
[SourceDate "2006.11.23"]
[SourceVersion "1"]
[SourceVersionDate "2006.11.23"]
[SourceQuality "1"]

1. d4 d5 2. c4 e6 3. Nc3 Nf6 4. cxd5 exd5 5. Bg5 Be7 6. Qc2 c6 7. e3 Bg4 8. Bd3 Nbd7 9. Nge2 Bxe2 10. Bxe2 0-0 11. 0-0 Ne4 12. Bf4 Ndf6 13. Bd3 Nxc3 14. bxc3 Bd6 15. Bxd6 Qxd6 16. f3 Rfe8 17. Rae1 g6 18. e4 Nh5 19. e5 Qd7 20. f4 f5 21. exf6 Nxf6 22. f5 Rxe1 23. Rxe1 Re8 24. Rf1 gxf5 25. Bxf5 Qe7 26. Kh1 Kh8 27. Qc1 1/2-1/2

[Event "Landesliga Nord 0405"]
[Site "Bayern"]
[Date "2004.11.14"]
[Round "2.5"]
[White "Nuernberger, Stefan"]
[Black "Heumann, Joern"]
[Result "1-0"]
[WhiteElo "1980"]
[BlackElo "2111"]
[PlyCount "65"]
[EventDate "2004.10.24"]
[EventType "team-tourn"]
[EventRounds "9"]
[EventCountry "GER"]
[SourceTitle "EXT 2008"]
[Source "ChessBase"]
[SourceDate "2007.11.25"]
[SourceVersion "1"]
[SourceVersionDate "2007.11.25"]
[SourceQuality "1"]
[WhiteTeam "Marktleuthen"]
[BlackTeam "Regensburg Fortuna II"]
[WhiteTeamCountry "GER"]
[BlackTeamCountry "GER"]

1. d4 Nf6 2. Nf3 c5 3. e3 cxd4 4. exd4 d5 5. Bd3 Bg4 6. 0-0 e6 7. Nbd2 Nc6 8. c3 Be7 9. Re1 0-0 10. h3 Bh5 11. Nf1 Qc7 12. Ng3 Bg6 13. Ne5 Nxe5 14. dxe5 Nd7 15. Bf4 Rfc8 16. Bxg6 hxg6 17. Qg4 Qc4 18. h4 b5 19. Re3 a5 20. b3 Qc7 21. Rae1 Qd8 22. Bg5 Nf8 23. Rd1 Qe8 24. h5 Bxg5 25. Qxg5 Nh7 26. Qg4 g5 27. Ne2 Kh8 28. f4 gxf4 29. Nxf4 Qe7 30. Rg3 Rg8 31. Ng6+ fxg6 32. hxg6 Qg5 33. gxh7 1-0

[Event "Landesliga Nord 0304"]
[Site "Bayern"]
[Date "2004.04.25"]
[Round "9.6"]
[White "Heumann, Joern"]
[Black "Bucka, Reinhard"]
[Result "0-1"]
[WhiteElo "2120"]
[BlackElo "2029"]
[PlyCount "77"]
[EventDate "2003.10.??"]
[EventType "team"]
[EventRounds "9"]
[EventCountry "GER"]
[SourceTitle "EXT 2006"]
[Source "ChessBase"]
[SourceDate "2005.11.24"]
[SourceVersion "1"]
[SourceVersionDate "2005.11.24"]
[SourceQuality "1"]
[WhiteTeam "Regensburg Fortuna II"]
[BlackTeam "Bamberg II"]
[WhiteTeamCountry "GER"]
[BlackTeamCountry "GER"]

1. e4 c5 2. Nf3 Nc6 3. d4 cxd4 4. Nxd4 g6 5. Be2 Bg7 6. Nb3 Nf6 7. Nc3 0-0 8. 0-0 a5 9. a4 Nb4 10. Bg5 d6 11. Nd4 h6 12. Bh4 Qb6 13. Kh1 g5 14. Bg3 Nxe4 15. Nxe4 d5 16. Nd2 Qxd4 17. c3 Qb6 18. cxb4 Qxb4 19. Ra2 e5 20. b3 Be6 21. Bb5 e4 22. Qe2 f5 23. f4 Rac8 24. Rb1 d4 25. Nc4 d3 26. Qd1 Rfd8 27. Be1 Bc3 28. Bg3 Qe7 29. Rc1 Bb4 30. h3 Kg7 31. Rb1 Bd5 32. fxg5 Qxg5 33. Be5+ Kh7 34. Qf1 e3 35. Bf4 e2 36. Bxg5 exf1Q+ 37. Rxf1 hxg5 38. Rxf5 Bxc4 39. Bxc4 0-1

[Event "Landesliga Nord 0304"]
[Site "Bayern"]
[Date "2004.02.15"]
[Round "6.6"]
[White "Nuernberger, Stefan"]
[Black "Heumann, Joern"]
[Result "1-0"]
[WhiteElo "1969"]
[BlackElo "2120"]
[PlyCount "115"]
[EventDate "2003.10.??"]
[EventType "team"]
[EventRounds "9"]
[EventCountry "GER"]
[SourceTitle "EXT 2006"]
[Source "ChessBase"]
[SourceDate "2005.11.24"]
[SourceVersion "1"]
[SourceVersionDate "2005.11.24"]
[SourceQuality "1"]
[WhiteTeam "Marktleuthen"]
[BlackTeam "Regensburg Fortuna II"]
[WhiteTeamCountry "GER"]
[BlackTeamCountry "GER"]

1. d4 Nf6 2. Nf3 c5 3. e3 e6 4. Bd3 b6 5. 0-0 Bb7 6. Nbd2 d6 7. b3 Be7 8. Bb2 0-0 9. Qe2 Nbd7 10. c4 Re8 11. Rfd1 Qc7 12. Rac1 Rac8 13. Bb1 Qb8 14. e4 cxd4 15. Nxd4 a6 16. Nf1 Qa8 17. Ng3 Ne5 18. f4 Ng6 19. f5 Nf8 20. Rf1 e5 21. Nf3 b5 22. Nd2 N8d7 23. Rfe1 Bc6 24. Kh1 Qb7 25. Nh5 Nc5 26. Nxf6+ Bxf6 27. Rcd1 Bd8 28. Qg4 Bf6 29. Re3 Qd7 30. Rg3 Kh8 31. cxb5 axb5 32. Nf3 Rcd8 33. h4 h6 34. Qh5 Bxe4 35. Ng5 Bxb1 36. Nxf7+ Kg8 37. Nxd8 Rxd8 38. Rxb1 Ne4 39. Rg6 Kf8 40. Qe2 d5 41. Rc1 Qe8 42. Ba3+ Kg8 43. Qe1 Qd7 44. Rxf6 Nxf6 45. Qxe5 Re8 46. Qg3 Qxf5 47. Rc7 Nh5 48. Qd6 Qe4 49. Re7 Qxh4+ 50. Kg1 Qd4+ 51. Kh2 Qh4+ 52. Kg1 Qd4+ 53. Kh2 Rxe7 54. Qxe7 Qf4+ 55. Kg1 Ng3 56. Bd6 Qd4+ 57. Kh2 Ne4 58. Be5 1-0

[Event "Landesliga Nord 0304"]
[Site "Bayern"]
[Date "2004.01.18"]
[Round "5.5"]
[White "Hanisch, Friedrich"]
[Black "Heumann, Joern"]
[Result "0-1"]
[WhiteElo "2045"]
[BlackElo "2120"]
[PlyCount "58"]
[EventDate "2003.10.??"]
[EventType "team"]
[EventRounds "9"]
[EventCountry "GER"]
[SourceTitle "EXT 2006"]
[Source "ChessBase"]
[SourceDate "2005.11.24"]
[SourceVersion "1"]
[SourceVersionDate "2005.11.24"]
[SourceQuality "1"]
[WhiteTeam "Asittenbach"]
[BlackTeam "Regensburg Fortuna II"]
[WhiteTeamCountry "GER"]
[BlackTeamCountry "GER"]

1. c4 e5 2. Nc3 Nf6 3. g3 d5 4. cxd5 Nxd5 5. Bg2 Nb6 6. Nf3 Nc6 7. 0-0 Be7 8. d3 0-0 9. Be3 Bg4 10. h3 Bh5 11. Na4 e4 12. Ne1 Nxa4 13. g4 Nxb2 14. Qb3 exd3 15. exd3 Bg6 16. Qxb7 Nb4 17. Qxa8 Qxa8 18. Bxa8 Rxa8 19. d4 a5 20. a3 Nd5 21. Ra2 Nxe3 22. fxe3 Nc4 23. Ng2 Bxa3 24. Re1 Be4 25. Kf2 Bb4 26. Rc1 Bxg2 27. Kxg2 Nxe3+ 28. Kf3 Nd5 29. Ra4 Re8 0-1

[Event "Landesliga Nord 0304"]
[Site "Bayern"]
[Date "2003.11.02"]
[Round "2.6"]
[White "Dietrich, Reinhard"]
[Black "Heumann, Joern"]
[Result "0-1"]
[WhiteElo "2068"]
[BlackElo "2120"]
[PlyCount "76"]
[EventDate "2003.10.??"]
[EventType "team"]
[EventRounds "9"]
[EventCountry "GER"]
[SourceTitle "EXT 2006"]
[Source "ChessBase"]
[SourceDate "2005.11.24"]
[SourceVersion "1"]
[SourceVersionDate "2005.11.24"]
[SourceQuality "1"]
[WhiteTeam "Neutraubling"]
[BlackTeam "Regensburg Fortuna II"]
[WhiteTeamCountry "GER"]
[BlackTeamCountry "GER"]

1. e4 c5 2. Nf3 e6 3. Nc3 a6 4. g3 Nc6 5. Bg2 d6 6. a4 Be7 7. 0-0 Nf6 8. d4 cxd4 9. Nxd4 Qc7 10. Nde2 0-0 11. h3 b6 12. Be3 Bb7 13. g4 Rac8 14. Rc1 Rfe8 15. g5 Nd7 16. b3 Bf8 17. Bf4 Nb4 18. Qd2 Ne5 19. Rfd1 Qc6 20. Qe3 b5 21. axb5 axb5 22. Qg3 Qc5 23. h4 Nxc2 24. Rxc2 b4 25. Be3 Qc7 26. f4 Nd7 27. Nd4 bxc3 28. f5 exf5 29. Nxf5 Ne5 30. Bd4 Qa5 31. Rdc1 Qb5 32. Rxc3 Rxc3 33. Rxc3 Rc8 34. Rxc8 Bxc8 35. Qc3 Bxf5 36. exf5 Qe2 37. Qe3 Qd1+ 38. Bf1 Qxd4 0-1

[Event "Regionalliga NO 0203"]
[Site "Bayern"]
[Date "2003.02.09"]
[Round "6.5"]
[White "Heumann, Joern"]
[Black "Konsek, Peter"]
[Result "1-0"]
[WhiteElo "2078"]
[BlackElo "1993"]
[PlyCount "57"]
[EventDate "2002.10.20"]
[EventType "team-tourn"]
[EventRounds "9"]
[EventCountry "GER"]
[SourceTitle "EXT 2004"]
[Source "ChessBase"]
[SourceDate "2003.11.25"]
[SourceVersion "1"]
[SourceVersionDate "2003.11.25"]
[SourceQuality "1"]
[WhiteTeam "Regensburg Fortuna II"]
[BlackTeam "Nuernberg Sued SW"]
[WhiteTeamCountry "GER"]
[BlackTeamCountry "GER"]

1. e4 d5 2. exd5 Qxd5 3. Nc3 Qa5 4. d4 c6 5. Nf3 Nf6 6. Ne5 Bf5 7. Bd3 Bg6 8. 0-0 e6 9. f4 Nbd7 10. f5 exf5 11. Nc4 Qd8 12. Re1+ Be7 13. Nd6+ Kf8 14. Nxf5 Bxf5 15. Bxf5 Bd6 16. Qf3 Qc7 17. Qh3 h5 18. Qh4 g6 19. Bxd7 Nxd7 20. Bg5 f6 21. Bxf6 Bxh2+ 22. Kh1 Rh7 23. Be7+ Rxe7 24. Qxe7+ Kg8 25. Ne4 Rf8 26. Rf1 Bf4 27. g3 Bh6 28. Rxf8+ Bxf8 29. Qxd7 1-0

[Event "Regionalliga NO 0102"]
[Site "Bayern"]
[Date "2002.04.28"]
[Round "9.4"]
[White "Schmahl, Stephan"]
[Black "Heumann, Joern"]
[Result "1-0"]
[WhiteElo "2105"]
[BlackElo "2090"]
[PlyCount "39"]
[EventDate "2001.10.07"]
[EventType "team-tourn"]
[EventRounds "9"]
[EventCountry "GER"]
[SourceTitle "EXT 2003"]
[Source "ChessBase"]
[SourceDate "2002.11.25"]
[SourceVersion "1"]
[SourceVersionDate "2002.11.25"]
[SourceQuality "1"]
[WhiteTeam "Regensburg Eulenspiegel"]
[BlackTeam "Regensburg II"]
[WhiteTeamCountry "GER"]
[BlackTeamCountry "GER"]

1. d4 Nf6 2. c4 c5 3. d5 e6 4. Nc3 exd5 5. cxd5 Bd6 6. Nf3 Bc7 7. Bg5 d6 8. Qa4+ Nbd7 9. Qh4 0-0 10. e3 Re8 11. Bd3 h6 12. Bxh6 gxh6 13. Qxh6 Ne5 14. Bc2 c4 15. 0-0-0 Bb6 16. Ng5 Nd3+ 17. Rxd3 Bf5 18. Rd4 Bxd4 19. Bxf5 Qe7 20. exd4 1-0

[Event "Regionalliga NO 0102"]
[Site "Bayern"]
[Date "2002.03.17"]
[Round "7.4"]
[White "Schmid, Siegfried"]
[Black "Heumann, Joern"]
[Result "1-0"]
[WhiteElo "2115"]
[BlackElo "2090"]
[PlyCount "145"]
[EventDate "2001.10.07"]
[EventType "team-tourn"]
[EventRounds "9"]
[EventCountry "GER"]
[SourceTitle "EXT 2003"]
[Source "ChessBase"]
[SourceDate "2002.11.25"]
[SourceVersion "1"]
[SourceVersionDate "2002.11.25"]
[SourceQuality "1"]
[WhiteTeam "Postbauer Heng"]
[BlackTeam "Regensburg II"]
[WhiteTeamCountry "GER"]
[BlackTeamCountry "GER"]

1. c4 e5 2. Nc3 Nf6 3. g3 d5 4. cxd5 Nxd5 5. Bg2 Nb6 6. Nf3 Nc6 7. 0-0 Be7 8. d3 0-0 9. Be3 Bg4 10. h3 Bh5 11. Na4 Re8 12. Nc5 Bxc5 13. Bxc5 f5 14. Re1 Qf6 15. Qc1 Nd7 16. Be3 a5 17. Qc4+ Bf7 18. Qb5 f4 19. gxf4 exf4 20. Bd2 Nb6 21. Bc3 Qg6 22. Nh4 Qh5 23. Qxh5 Bxh5 24. Be4 Na4 25. Rac1 Nxc3 26. bxc3 Nd8 27. Rb1 Ra7 28. Rb5 Bf7 29. a3 Be6 30. Kh2 Bd7 31. Rh5 g6 32. Rg1 Ra6 33. Rc5 Ne6 34. Re5 Bc8 35. Nf3 Kf7 36. d4 Ng7 37. Bd5+ Kf6 38. Rxe8 Nxe8 39. Rb1 Nd6 40. Nd2 h6 41. Ne4+ Nxe4 42. Bxe4 b6 43. Kg2 Bf5 44. Kf3 g5 45. Bxf5 Kxf5 46. Rb5+ Kf6 47. h4 Ra8 48. hxg5+ hxg5 49. Kg4 Rg8 50. Rf5+ Ke6 51. Rxg5 Rf8 52. Re5+ Kd6 53. Rf5 Re8 54. Kf3 a4 55. c4 c6 56. c5+ bxc5 57. dxc5+ Ke6 58. Rxf4 Kd5 59. Rxa4 Kxc5 60. e4 Kb5 61. Rb4+ Kc5 62. Ke3 Ra8 63. Rb3 Kc4 64. Rd3 c5 65. e5 Re8 66. f4 Rh8 67. Ke4 Kb5 68. e6 c4 69. Rg3 Kc5 70. Ke5 Rh1 71. Re3 Rh7 72. f5 Rh5 73. e7 1-0

[Event "Regionalliga NO 0102"]
[Site "Bayern"]
[Date "2001.10.07"]
[Round "1.6"]
[White "Wahl, Markus"]
[Black "Heumann, Joern"]
[Result "1-0"]
[WhiteElo "1910"]
[BlackElo "2090"]
[PlyCount "67"]
[EventDate "2001.10.07"]
[EventType "team-tourn"]
[EventRounds "9"]
[EventCountry "GER"]
[SourceTitle "EXT 2003"]
[Source "ChessBase"]
[SourceDate "2002.11.25"]
[SourceVersion "1"]
[SourceVersionDate "2002.11.25"]
[SourceQuality "1"]
[WhiteTeam "Puschendorf"]
[BlackTeam "Regensburg II"]
[WhiteTeamCountry "GER"]
[BlackTeamCountry "GER"]

1. e4 c5 2. Nf3 Nc6 3. d4 cxd4 4. Nxd4 Nf6 5. Nc3 e5 6. Ndb5 d6 7. Bg5 a6 8. Na3 b5 9. Nd5 Be7 10. Bxf6 Bxf6 11. c3 0-0 12. Nc2 Bg5 13. a4 bxa4 14. Rxa4 a5 15. Bc4 Rb8 16. Ra2 Be6 17. Nce3 g6 18. 0-0 Kh8 19. Qd3 f5 20. exf5 gxf5 21. f4 Bh6 22. b3 Qd7 23. Qd1 Qa7 24. Kh1 Qf7 25. Raf2 e4 26. g4 Qd7 27. g5 Bg7 28. Rg2 Ne7 29. Nf6 Bxf6 30. gxf6 Rxf6 31. Qd4 Rbf8 32. Rfg1 Nc6 33. Rg8+ Bxg8 34. Qxf6+ 1-0